| 000 | 00581nam a2200205Ia 4500 | ||
|---|---|---|---|
| 003 | GCL | ||
| 008 | 140319s9999 xx 000 0 ara d | ||
| 040 |
_aGCL / _cGCL |
||
| 082 | 0 | 4 |
_a927.7 _bع ه |
| 100 | 1 | _aعونى الحسينى | |
| 245 | 1 | 0 |
_aهنرى بركات: نصف قرن سينما / _cعونى الحسينى |
| 700 | 1 | _aمحمد عزب | |
| 300 | _a270 ص | ||
| 490 |
_aاعلام السينما _v0 |
||
| 650 | 0 | 4 | _aالتراجم |
| 650 | 0 | 4 | _aالفنانون |
| 650 | 0 | 4 | _aالفنانون - تراجم |
| 650 | 0 | 4 | _aهنرى بركات |
| 942 |
_2ddc _cBK |
||
| 999 |
_c50977 _d50977 |
||